|
|
|
|
| LEADER |
00000nam a22000007a 4500 |
| 005 |
20210823125615.0 |
| 007 |
cr|||| |||| |
| 008 |
210823s2020 es |||||s|||| 00||0 spa d |
| 020 |
|
|
|a 978-84-7351-702-7
|
| 035 |
|
|
|a 33553
|
| 040 |
|
|
|a vLex
|
| 090 |
|
|
|c 12109
|d 12109
|
| 100 |
1 |
|
|a Přez Castreje, Manuel Joaqun̕
|
| 245 |
1 |
2 |
|a El nacimiento de una institucin̤
|h [Recurso electrn̤ico] :
|b El diseǫ, creacin̤ y evolucin̤ del Consorcio Galego de Servizos de Igualdade e Benestar /
|c Manuel Joaqun̕ Přez Castreje
|
| 256 |
|
|
|a Servicio en ln̕ea
|
| 260 |
|
|
|a Madrid:
|b Instituto Nacional de Administracin̤ Pb︢lica (INAP),
|c 2020
|
| 300 |
|
|
|a 1 recurso electrn̤ico
|
| 500 |
|
|
|a Una de las principales transformaciones llevadas a cabo en el campo de las polt̕icas sociales en Galicia es la creacin̤ del Consorcio Galego de Servizos de Igualdade e Benestar como ente que supera el modelo previo de relacin̤ entre la comunidad autn̤oma y los entes locales basado en las convocatorias anuales de subvenciones autonm̤icas o en los convenios puntuales.
|
| 506 |
1 |
|
|a Disponible solo en los productos indicados
|d vLex Global
|d vLex Global (Academic Edition, excluding Law Schools)
|d vLex Global (U.S. Academic Edition, Law Schools)
|d vLex Global (U.S. Academic Edition, excluding Law Schools)
|d vLex Global (Academic Edition, Law Schools)
|
| 650 |
0 |
4 |
|a Derecho Pb︢lico y Administrativo
|z Espaą
|
| 740 |
0 |
|
|a vLex Libros (Servicio en ln̕ea)
|
| 856 |
4 |
0 |
|u https://app.vlex.com/#/sources/33553
|z Acceso restringido
|
| 942 |
|
|
|c BOOK
|
| 999 |
0 |
|
|a Public and Administrative Law
|